Normal view
MARC view
- Jacob, J.F.R.Lt Gen
Entry Personal Name
001 - CONTROL NUMBER
- control field: 76912
003 - CONTROL NUMBER IDENTIFIER
- control field: NUST
005 - DATE AND TIME OF LATEST TRANSACTION
- control field: 20210628205739.0
008 - FIXED-LENGTH DATA ELEMENTS
- fixed length control field: 210628|| aca||aabn | a|a d
040 ## - CATALOGING SOURCE
- Original cataloging agency: NUST
- Transcribing agency: NUST
100 ## - HEADING--PERSONAL NAME
- Personal name: Jacob, J.F.R.Lt Gen
670 ## - SOURCE DATA FOUND
- Source citation: Work cat.: (NUST): Jacob, J.F.R.Lt Gen, Surrender at dacca birth of a nation, 1997
